Vista normal
Vista MARC
Entrada Materia (personas)
Número de registros utilizados en: 1
001 - CONTROL NUMBER
- control field: 100387
003 - CONTROL NUMBER IDENTIFIER
- control field: Co-BoUCM
005 - DATE AND TIME OF LATEST TRANSACTION
- control field: 20200311140302.0
008 - FIXED-LENGTH DATA ELEMENTS
- fixed length control field: 200311|| aca||aabn | a|a d
040 ## - CATALOGING SOURCE
- Original cataloging agency: Co-BoUCM
- Transcribing agency: Co-BoUCM
100 ## - HEADING--PERSONAL NAME
- Personal name: Miñana, José Manuel
- Dates associated with a name: 1671-1730
670 ## - SOURCE DATA FOUND
- Source citation: Work cat.: (Co-BoUCM)73824: Mariana, Juan de 1535-1624 76434, Historia general de España, 1794-1795